000 00654cam a22002172 4500
001 0000004348
005 20151217145805.0
008 070522s xx 000 0 eng d
020 _a0130257119 :
_cGBP 46.18
040 _aKABU
_cKABU
050 0 _aQA76.8
_bI292U34 2002
100 1 _aUffenbeck, John.
_@0000154859
245 1 4 _aThe 80x86 family :
_bdesign, programming ...
250 _a3rd ed.
260 _aUpper Saddle River, NJ :
_bPrentice Hall,
_c2002.
300 _aix, 678 p.
650 0 _aIntel 80x86 series
_xMicroprocessors.
_@0000154860
908 _a070522
950 _@1
999 _c2628
_d2628